[Event "Catalunya-chT Primera Gp2"]
[Site "Catalunya"]
[Date "2008.04.20"]
[Round "9"]
[White "Mingell Rosello, F Javier"]
[Black "Mayans Calvo, Mariano"]
[Result "1-0"]
[WhiteElo "2277"]
[BlackElo "2223"]
[PlyCount "61"]
[EventDate "2008.01.27"]
[EventType "team-tourn"]
[EventRounds "9"]
[EventCountry "ESP"]
[SourceTitle "EXT 2019"]
[Source "ChessBase"]
[SourceDate "2018.10.10"]
[SourceVersion "1"]
[SourceVersionDate "2018.10.10"]
[SourceQuality "1"]

1. e4 e6 2. d4 d5 3. Nc3 Nf6 4. e5 Nfd7 5. f4 c5 6. Nf3 Nc6 7. Be3 cxd4 8. Nxd4 Bc5 9. Qd2 0-0 10. 0-0-0 a6 11. Qf2 Nxd4 12. Bxd4 Qc7 13. Bd3 b5 14. Ne2 b4 15. Kb1 a5 16. Qh4 f5 17. g4 Ba6 18. gxf5 Bxd3 19. Rxd3 Rxf5 20. Rg1 Nf8 21. Qg3 Bxd4 22. Nxd4 Rh5 23. f5 Rc8 24. Rd2 exf5 25. Qf3 Qf7 26. e6 Qe8 27. Nxf5 Rc7 28. Nd6 Qxe6 29. Qxh5 Qxd6 30. Qxd5+ Qxd5 31. Rxd5 1-0

[Event "Catalunya-chT Primera Gp2"]
[Site "Catalunya"]
[Date "2008.02.03"]
[Round "2"]
[White "Guerrero Sanmarti, Richard"]
[Black "Mingell Rosello, F Javier"]
[Result "0-1"]
[WhiteElo "2267"]
[BlackElo "2277"]
[PlyCount "78"]
[EventDate "2008.01.27"]
[EventType "team-tourn"]
[EventRounds "9"]
[EventCountry "ESP"]
[SourceTitle "EXT 2019"]
[Source "ChessBase"]
[SourceDate "2018.10.10"]
[SourceVersion "1"]
[SourceVersionDate "2018.10.10"]
[SourceQuality "1"]

1. e4 c5 2. Nf3 Nc6 3. d4 cxd4 4. c3 Nf6 5. e5 Nd5 6. Bc4 e6 7. cxd4 d6 8. exd6 Bxd6 9. Nc3 Nxc3 10. bxc3 0-0 11. 0-0 e5 12. Bg5 Qc7 13. Qd3 Bg4 14. Rac1 Bh5 15. Qf5 Bg6 16. Qh3 exd4 17. cxd4 Bf4 18. Rc3 Bxg5 19. Nxg5 Qf4 20. d5 Na5 21. Qe3 Qxe3 22. fxe3 Nxc4 23. Rxc4 Bd3 24. Rc7 Bxf1 25. Kxf1 f6 26. Ne6 Rf7 27. Rc5 b6 28. Rc6 Rd7 29. Ke2 Kf7 30. e4 f5 31. exf5 Rxd5 32. Rc7+ Kf6 33. Nxg7 Rg8 34. Nh5+ Kxf5 35. Ng3+ Kg6 36. Rxa7 Re8+ 37. Kf3 Ra5 38. Rb7 Re6 39. h4 h5 0-1

[Event "Lima op"]
[Site "Lima"]
[Date "2005.03.20"]
[Round "3"]
[White "Lopez, Dante"]
[Black "Mingell Rosello, F Javier"]
[Result "1-0"]
[WhiteElo "2192"]
[BlackElo "2282"]
[PlyCount "127"]
[EventDate "2005.03.18"]
[EventType "swiss"]
[EventRounds "9"]
[EventCountry "PER"]
[SourceTitle "EXT 2006"]
[Source "ChessBase"]
[SourceDate "2005.11.24"]
[SourceVersion "1"]
[SourceVersionDate "2005.11.24"]
[SourceQuality "1"]

1. d4 Nf6 2. c4 g6 3. Nc3 Bg7 4. e4 d6 5. Nf3 0-0 6. Be2 e5 7. 0-0 Nc6 8. d5 Ne7 9. b4 Nd7 10. Ba3 b6 11. Rc1 h6 12. c5 bxc5 13. bxc5 Nxc5 14. Bxc5 dxc5 15. Na4 f5 16. Bd3 fxe4 17. Bxe4 Bb7 18. Nxc5 Bxd5 19. Bxd5+ Qxd5 20. Nd7 Rfd8 21. Qxd5+ Nxd5 22. Ndxe5 Kh7 23. Rc5 Rd6 24. Nf7 Rd7 25. N3e5 Bxe5 26. Nxe5 Rd6 27. Rd1 Re8 28. f4 Ne7 29. Rb1 Nd5 30. g3 Re7 31. Kf2 Nb6 32. Rbc1 Rd2+ 33. Kf3 Rxa2 34. Rxc7 Rxc7 35. Rxc7+ Kg8 36. Nxg6 a5 37. f5 Nd5 38. Ne7+ Nxe7 39. Rxe7 Rxh2 40. Kg4 a4 41. Ra7 a3 42. Rxa3 Kg7 43. Ra6 Rb2 44. Rg6+ Kh7 45. Kh3 Ra2 46. g4 Ra3+ 47. Kh4 Ra1 48. Rb6 Kg7 49. Kg3 Ra4 50. Rb7+ Kg8 51. Kh4 Rc4 52. Rb6 Kg7 53. Kh5 Rc2 54. Rg6+ Kf7 55. Rxh6 Rg2 56. Kg5 Rb2 57. Rh7+ Kg8 58. Ra7 Rb3 59. f6 Rb4 60. Kh5 Rc4 61. g5 Rc1 62. Kg6 Rc8 63. Rg7+ Kh8 64. Rh7+ 1-0

[Event "Lima op"]
[Site "Lima"]
[Date "2005.03.19"]
[Round "2"]
[White "Mingell Rosello, F Javier"]
[Black "Cruz, Cristhian"]
[Result "1-0"]
[WhiteElo "2282"]
[BlackElo "2106"]
[PlyCount "71"]
[EventDate "2005.03.18"]
[EventType "swiss"]
[EventRounds "9"]
[EventCountry "PER"]
[SourceTitle "EXT 2006"]
[Source "ChessBase"]
[SourceDate "2005.11.24"]
[SourceVersion "1"]
[SourceVersionDate "2005.11.24"]
[SourceQuality "1"]

1. e4 c5 2. Nf3 Nc6 3. d4 cxd4 4. Nxd4 g6 5. c4 Bg7 6. Be3 Nh6 7. Be2 d6 8. 0-0 0-0 9. Nc3 f5 10. Qd2 Nxd4 11. Bxh6 Bxh6 12. Qxh6 f4 13. Bf3 e5 14. Ne2 Ne6 15. Bg4 Ng5 16. Bxc8 Rxc8 17. f3 Rxc4 18. Nc3 Nf7 19. Qh3 Ng5 20. Qh6 Nf7 21. Qh3 Qc8 22. Qh4 g5 23. Qh5 Qe6 24. Rfd1 Rfc8 25. Rd2 Rd4 26. Rad1 Rxd2 27. Rxd2 b5 28. h4 b4 29. Nd5 Rc1+ 30. Kh2 g4 31. fxg4 Nh6 32. g5 Nf7 33. Nf6+ Kf8 34. Qxh7 Ke7 35. Nd5+ Kd8 36. g6 1-0

[Event "Catalunya-ch"]
[Site "Barcelona"]
[Date "2000.??.??"]
[Round "5"]
[White "Arias Velasco, Jose Tomas"]
[Black "Mingell Rosello, F Javier"]
[Result "0-1"]
[WhiteElo "2051"]
[BlackElo "2295"]
[PlyCount "58"]
[EventDate "2000.??.??"]
[EventType "swiss"]
[EventRounds "9"]
[EventCountry "ESP"]
[SourceTitle "EXT 2001"]
[Source "ChessBase"]
[SourceDate "2000.11.22"]
[SourceVersion "1"]
[SourceVersionDate "2000.11.22"]
[SourceQuality "1"]

1. Nf3 Nf6 2. g3 g6 3. Bg2 Bg7 4. 0-0 0-0 5. c4 d6 6. Nc3 e5 7. d4 Nbd7 8. e3 Re8 9. b3 c6 10. dxe5 dxe5 11. Bb2 Qc7 12. Qe2 a5 13. Rad1 Nc5 14. Ba3 Bf8 15. Bxc5 Bxc5 16. Ng5 Be7 17. Nge4 Nxe4 18. Nxe4 f5 19. Nc3 e4 20. c5 Be6 21. Na4 Qe5 22. Qc2 Rad8 23. Rfe1 g5 24. Bf1 Rxd1 25. Rxd1 Rd8 26. Rxd8+ Bxd8 27. Bc4 Kf7 28. Qd1 Bxc4 29. Qxd8 Qa1+ 0-1

[Event "Catalunya-ch"]
[Site "Barcelona"]
[Date "2000.??.??"]
[Round "9"]
[White "Ferron Garcia, Carlos"]
[Black "Mingell Rosello, F Javier"]
[Result "1-0"]
[WhiteElo "2199"]
[BlackElo "2295"]
[PlyCount "49"]
[EventDate "2000.??.??"]
[EventType "swiss"]
[EventRounds "9"]
[EventCountry "ESP"]
[SourceTitle "EXT 2001"]
[Source "ChessBase"]
[SourceDate "2000.11.22"]
[SourceVersion "1"]
[SourceVersionDate "2000.11.22"]
[SourceQuality "1"]

1. e4 c5 2. c3 d5 3. exd5 Qxd5 4. d4 e6 5. Nf3 Nc6 6. Bd3 Nf6 7. 0-0 cxd4 8. cxd4 Be7 9. Nc3 Qd6 10. Bg5 0-0 11. Rc1 Qd8 12. a3 b6 13. Ne5 Bb7 14. Ba6 Bxa6 15. Nxc6 Qd7 16. Nxe7+ Qxe7 17. Re1 Bb7 18. d5 Rfd8 19. Qf3 Rac8 20. Ne4 Rxc1 21. Rxc1 Bxd5 22. Bxf6 gxf6 23. Nxf6+ Kh8 24. Qf4 Qd6 25. Qxd6 1-0